00572 2200205 4500001002100000005001500021035002000036007000300056008004100059020001800100082001100118084001700129100003500146245008400181250001600265260003100281300002800312600001400340990001200354INLIS00000000000808920210409013905 a0010-0421000233ta210409 g 0 ind  a9789790331327 a658.81 a658.81 PHI p0 aPhilip Kotler & Gary Armstrong1 aPrinsip-prinsip Pemasaran :bEdisi 12 Jilid 1 /cPhilip Kotler & Gary Armstrong aEd.12 Cet 1 aJakarta :bErlangga,c2008 axxii, I-4 :b. ;c26 cm 4aPemasaran a1072572